Zavolaj zvieratkám!

Bibliographic Details
Other Authors: Madarásová, Jitka (Translator)
Format: Book
Language:Slovak
English
PhysicalDescription:[8] s. fareb. ilustr. 24 cm 1 mobil
Published: Bratislava Svojtka & Co. 2014
ISBN:9788081077821
Edition:1. slov. vyd.
Subjects:

MARC

LEADER 00000nam a2200000 a 4500
001 vtls010639830
003 SK-MaSNL
005 20260302021649.0
008 200318s2014 xo a a 000 0 slo
015 |a SNBA2014/12 
020 |a 9788081077821  |q (viaz.) 
035 |a urn:nbn:sk:snk-am00a043 
035 |a urn:nbn:sk:snk-am3hbug 
035 |a 0439A164-37D8-4C5C-9399-13B473432CED 
040 |a SNK  |b slo  |c SNK  |e AACR2 
041 1 |a slo  |h eng 
044 |a xo  |c SK 
072 7 |a 0/9-053.2  |a Literatúra pre deti a mládež (náučná)  |2 konspekt 
080 |a 821-93  |2 2001 
080 |a (0.025.2)  |2 2001 
245 1 0 |a Zavolaj zvieratkám!  |c [preklad Jitka Madarásová] 
250 |a 1. slov. vyd. 
260 |a Bratislava  |b Svojtka & Co.  |c 2014 
300 |a [8] s.  |b fareb. ilustr.  |c 24 cm  |e 1 mobil 
500 |a Názov z obalu 
521 1 |a Pre deti od 3 rokov 
655 7 |a leporelá  |2 SNKPH  |9 60414 
655 7 |a publikácie pre deti  |2 SNKPH  |9 70148 
655 7 |a Picture books for children  |2 SNKPHeng  |9 277438 
655 7 |a Children's literature  |2 SNKPHeng  |9 276039 
700 1 |a Madarásová, Jitka  |4 trl  |9 207448 
919 |a 978-80-8107-782-1 
958 |a UP 
958 |a DB 
968 |b ENG 
999 |c 1029821  |d 1031751 
952 |a SNK  |b SNK  |y PREZ  |7 0  |p 17A1132480  |o snkSC 162105  |i snk2014/26526  |8 0  |0 0  |1 0  |4 0  |d 2014-12-01  |f 1  |l 0  |r 2025-08-26 00:00:00  |w 2026-02-24 
952 |a SNK  |b SNK  |y PREZ  |7 0  |p 17A1132504  |o snkSC 162105/príl.  |i snk2014/26526  |8 0  |3 1 mobil  |0 0  |1 0  |4 0  |d 2014-12-01  |l 0  |r 2025-08-26 00:00:00  |w 2026-02-24 
952 |a SNK  |b SNK  |y PREZ  |7 0  |p 17A1132481  |o snkSC 162105 D1  |i snk2014/26527  |8 0  |0 0  |1 0  |4 0  |d 2014-12-01  |l 0  |r 2026-02-24 13:51:00  |w 2026-02-24 
952 |a SNK  |b SNK  |y PREZ  |7 0  |p 17A1132486  |o snkSC 162105/príl. D1  |i snk2014/26527  |8 0  |3 1 mobil  |0 0  |1 0  |4 0  |d 2014-12-01  |l 0  |r 2026-02-24 13:51:00  |w 2026-02-24